Собрание сочинений. Т.1, кн.1: Рассказы о непокое (Запись № 13482094)

Подробности
000 -МАРКЕР
контрольное поле 00894nam2a22002291 4500
001 - ИДЕНТИФИКАТОР ЗАПИСИ
контрольное поле RU\NLR\A1SV\66467
005 - ИДЕНТИФИКАТОР ВЕРСИИ
контрольное поле 20251203152403.2
035 ## - ДРУГИЕ СИСТЕМНЫЕ НОМЕРА
Идентификатор записи (NLR Aleph) 009748094
100 ## - ДАННЫЕ ОБЩЕЙ ОБРАБОТКИ
Данные общей обработки 20051212d1925 u y0rusy50 ca
101 1# - ЯЗЫК РЕСУРСА
Язык текста, звукозаписи и т.д. русский
Язык оригинала английский
200 1# - ЗАГЛАВИЕ И СВЕДЕНИЯ ОБ ОТВЕТСТВЕННОСТИ
Основное заглавие Рассказы о непокое
210 ## - ПУБЛИКАЦИЯ, РАСПРОСТРАНЕНИЕ И ДР.
Дата издания, распространения и т.д. 1925
215 ## - ФИЗИЧЕСКАЯ ХАРАКТЕРИСТИКА
Специфическое обозначение материала и объем 320 с., 1 л. портр.
327 1# - ПРИМЕЧАНИЯ О СОДЕРЖАНИИ
Текст примечания Джозеф Конрад /[Соч.] Евгения Ланна
-- Караин
-- Идиоты
-- Аванпост цивилизации
-- Лагуна
-- Возвращение
461 #0 - УРОВЕНЬ НАБОРА
Встроенное поле 001RU\NLR\A1SV\66466
-- 2000#$vТ.1, кн.1
Системный номер (АБИС) связанной записи 9969747
Автор Конрад, Д. (1857-1924)
Место публикации М.
Дата публикации 1924-
Первые сведения об ответственности Джозеф Конрад
Имя издателя, распространителя и т.д. Земля и фабрика
Заглавие Собрание сочинений
Номер тома Т.1, кн.1
801 #0 - ИСТОЧНИК ЗАПИСИ
Страна Российская Федерация
Организация NLR
Дата составления 20051212
852 ## - МЕСТОНАХОЖДЕНИЕ И ШИФР ХРАНЕНИЯ
Идентификатор организации NLR
942 ## - ДОПОЛНИТЕЛЬНЫЕ ЭЛЕМЕНТЫ ЗАПИСИ (АБИС)
Тип экземпляра АБИС Книга
980 ## - КОЛЛЕКЦИЯ
Название коллекции Международный сводный каталог русской книги (1918-1926)
980 ## - КОЛЛЕКЦИЯ
Название коллекции Национальная библиография

Нет доступных экземпляров.